| 000 | 00719nam a2200193 a 4500 | ||
|---|---|---|---|
| 005 | 20240413063722.0 | ||
| 008 | 991125s1962 mx 000 0 spa u | ||
| 035 | _aUPN01000007553 | ||
| 049 | _aCG | ||
| 050 | 4 |
_aF1233 G3 _bR6.7 |
|
| 100 | 1 | _aRojas, Basilio | |
| 245 | 1 | 3 |
_aUn chicano anónimo : _bFeliciano García : un miahuateco en la historia / _cBasilio Rojas. |
| 260 |
_aMéxico : _bSociedad Mexicana de Geografía y Estadística, _c1962. |
||
| 300 | _a379 p. | ||
| 440 | 0 |
_aColección del Congreso Nacional de Historia para el Estudio de la Guerra de Intervención ; _v8 |
|
| 600 | 1 | 4 |
_aGARCIA, FELICIANO, _d1834- |
| 651 | 4 |
_aMéxico _xHistoria _yIntervención y Segundo Imperio, 1861-1867 _910588 |
|
| 905 | _aLibro | ||
| 999 |
_c7553 _d7553 |
||